| 000 | 00697nam a22002057i 4500 | ||
|---|---|---|---|
| 999 |
_c22964 _d22964 |
||
| 003 | AR-CdUCM | ||
| 008 | 240807b20182018 pe||||| |||| 00| 0 spa d | ||
| 020 | _a978-612-4347-18-4 | ||
| 040 |
_aMUNICIPALIDAD PROVINCIAL DEL CUSCO _cBIBLIOTECA MUNICIPAL DEL CUSCO |
||
| 082 |
_aSI / 803 / R74A _bR74A |
||
| 100 |
_aRodríguez, Jéssica. _950143 |
||
| 245 | _aAbdón en el jardín del Altiplano / | ||
| 260 |
_aLima : _bEditorial Panamericana, _c2018. |
||
| 300 |
_a49 páginas. : _bIlustraciones en color, _c20 cm. |
||
| 650 |
_aCuento infantil _950144 |
||
| 650 |
_aLiteratura peruana _950145 |
||
| 700 |
_aAyuni, Christian [Ilustrador] _950061 |
||
| 942 |
_2ddc _cLIBROS |
||
| 945 |
_apbj _d2024-08-07 |
||